Statistics for Nationality of Players #1 - U21

Click here to take the quiz!

General Stats

  • This quiz has been taken 93 times
    (84 since last reset)
  • The average score is 36 of 40

Answer Stats

PlayerNationality% Correct
Alphonso DaviesCanada
99%
Ansu FatiSpain
99%
Aurélien TchouaméniFrance
97%
Bukayo SakaEngland
96%
João FélixPortugal
96%
Alexander IsakSweden
96%
Jadon SanchoEngland
95%
Reece JamesEngland
95%
Phil FodenEngland
95%
Callum Hudson-OdoiEngland
95%
Mason GreenwoodEngland
95%
Jude BellinghamEngland
95%
Jamal MusialaGermany
95%
Erling HaalandNorway
95%
PedriSpain
95%
Vinícius JúniorBrazil
93%
Eduardo CamavingaFrance
93%
Kai HavertzGermany
93%
Sandro TonaliItaly
93%
Matthijs de LigtNetherlands
93%
Dušan VlahovićSerbia
93%
Ferran TorresSpain
93%
RodrygoBrazil
92%
Dejan KulusevskiSweden
91%
Curtis JonesEngland
89%
Florian WirtzGermany
89%
Francisco TrincãoPortugal
89%
Giovanni ReynaAmerica
88%
Wesley FofanaFrance
88%
Pedro NetoPortugal
88%
Sergiño DestAmerica
87%
Jonathan DavidCanada
87%
Boubacar KamaraFrance
87%
Moise KeanItaly
87%
Ryan GravenberchNetherlands
87%
Benoît BadiashileFrance
86%
Illan MeslierFrance
80%
Christoph BaumgartnerAustria
79%
Sven BotmanNetherlands
76%
Silas WamangitukaD.R. Congo
30%

Score Distribution

Percentile by Number Answered

Percent of People with Each Score

Your Score History

You have not taken this quiz since the last reset